000 00593nam a2200181Ia 4500
003 GCL
008 140319s9999 xx 000 0 ara d
040 _aGCL /
_cGCL
082 0 4 _a813.03
_bا ا
100 1 _aاحمد بهجت
245 1 0 _aالامير والدرويش: ترانيم صوفية /
_cاحمد بهجت
300 _a141 ص
490 _aالهيئة العامة للاستعلامات
_v0
650 0 4 _aالقصة العربية- مصر
650 0 4 _aالادب العربى - العصر الحديث
650 0 4 _aالادب العربى - القصة
942 _2ddc
_cBK
999 _c49613
_d49613